| 000 | 00873nam a2200277Ia 4500 | ||
|---|---|---|---|
| 001 | Z_5111 | ||
| 003 | CHAP | ||
| 008 | 220113s2004 xx 000 0 und d | ||
| 010 | _a168168 | ||
| 040 | _cCHAP | ||
| 090 | _aTesis C 1804 | ||
| 100 |
_aCastro Ceronio, Marco Polo _920344 |
||
| 245 |
_aDiagnóstico descriptivo de la ganadería bovina en el municipio de Othón P. Blanco, Quintana Roo / _cpor Marco Polo Castro Ceronio y Jorge Bautista Cruz |
||
| 260 |
_aChapingo, Méx. : _bEl autor, _c2004 |
||
| 300 | _a78 h. | ||
| 502 | _aTesis (Ing. Agr. Esp. en Zootecnia) -- UACH. Departamento de Zootecnia | ||
| 650 |
_aGanado vacuno _xEstadísticas _945463 |
||
| 650 |
_aGanado vacuno _xQuintana Roo _9142432 |
||
| 700 |
_aBautista Cruz, Jorge _910900 |
||
| 901 | _aTESIS C 1804 | ||
| 902 | _aM | ||
| 910 | _a2004 | ||
| 942 | _c2 | ||
| 942 | _c2 | ||
| 999 |
_c168168 _d168168 |
||